| 000 | 02502cam a22005294i 4500 | ||
|---|---|---|---|
| 001 | u39226 | ||
| 003 | PE-LiUPU | ||
| 005 | 20250731173327.0 | ||
| 008 | 150710s2003 ag r 000 0 spa d | ||
| 020 | _a1575540355 | ||
| 035 | _a(Sirsi) i9781575540351 | ||
| 040 |
_aPE-LiUPU _bspa _cPE-LiUPU _erda |
||
| 041 | 1 |
_aspa _heng |
|
| 049 | _aPRUA | ||
| 082 | 0 | 4 |
_a286.7325 _bTPI 2003 |
| 100 | 1 |
_aWhite, Elena G. de, _d1827-1915, _eautor. |
|
| 245 | 1 | 0 |
_aTestimonios para la iglesia : _bcontiene los testimonios no 1 al no 14.1 / _cElena G. de White. |
| 264 | 1 |
_aFlorida : _bInteramericana, _c2003. |
|
| 300 |
_a654 páginas ; _c21 centímetros |
||
| 336 |
_atext _2rdacontent |
||
| 337 |
_aunmediated _2rdamedia |
||
| 338 |
_avolume _2rdacarrier |
||
| 505 | 0 | _aApuntes biográficos -- Testimonio No 1 (1855) -- Testimonio No 2 (1856) -- Testimonio No 3 (1857) -- Testimonio No 4 (1857) -- Testimonio No 5 (1859) -- Testimonio No 6 (1861) -- Testimonio No 7 (1862) -- Testimonio No 8 (1862) -- Testimonio No 9 1863) -- Testimonio No 10 (1864) -- Testimonio No 11 (1867) -- Testimonio No 12 (1867) -- Testimonio No 13 (1867) -- Testimonio No 14 (1868).. | |
| 526 | _aSEG42 | ||
| 526 | _aSEG41 | ||
| 526 | _aSEG40 | ||
| 526 | _aSEG39 | ||
| 526 | _aP94 | ||
| 526 | _aP87 | ||
| 526 | _aP86 | ||
| 526 | _aP85 | ||
| 526 | _aP77 | ||
| 526 | _aP76 | ||
| 526 | _aP35 | ||
| 534 | _aTítulo original :tTestimonies for the church, volume 1 | ||
| 541 | _g001-000386; | ||
| 596 | _a1 2 | ||
| 610 | 2 |
_aIASD _xDoctrinas. |
|
| 650 | 0 | 4 |
_aAdventistas del séptimo día _xDoctrinas. |
| 942 |
_2ddc _cBOOK |
||
| 994 |
_aC0 _bPEPRU |
||
| 949 |
_a286.7325 TPI 1 _wDEWEY _c1 _i58712 _d2018-5-15 _e2018-5-7 _f2018-2-7 _g2 _lCCODEBUL1 _mBUL _n1 _p22.00 _q1 _r0 _sY _tBOOK _u2015-7-10 _xTEOLOGIA _PP35 _0COMPRA _o.STAFF. Colección General |
||
| 949 |
_aW286.7325 TI T1 2003 _wDEWEY _c1 _iFT01900 _lCCODEBUT1 _mBUT _p20.00 _r0 _sY _tBOOK _u2016-7-8 _xBIBLIOTECA _zUNKNOWN _0DONACION _o.STAFF. Colección General |
||
| 999 |
_a286.7325 TPI 1 _wDEWEY _c47586 _i58712 _d47586 _e2019-10-21 _f2021-11-11 _g5 _lCCODEBUL1 _mBUL _n5 _p22.00 _q14 _r0 _sY _tBOOK _u2015-7-10 _xTEOLOGIA _PP35 _0COMPRA _o.STAFF. Colección General |
||
| 999 |
_aW286.7325 TI T1 2003 _wDEWEY _c1 _iFT01900 _f2019-2-20 _g2 _lCCODEBUT1 _mBUT _p20.00 _r0 _sY _tBOOK _u2016-7-8 _xBIBLIOTECA _zUNKNOWN _0DONACION _o.STAFF. Colección General |
||
| 980 |
_81 _gALBERTO SANCHEZ Responsable de Automatización |
||